000 007950000a22002530004500
001 50680
010 _a972-649-192-4
021 _aPT
_b35668/90
100 _a20131106d1990 d||y0pory5003 ba
101 0 _apor
102 _aPT
200 1 _aHistória do sono e do sonho
_fJosé Jorge Letria
_gil. João Lemos
210 _a[S.l]
_cDesabrochar
_d1990
215 _a71 p.
_cil.
225 2 _aDesabrochar contos
_v5
606 _92095
_aLiteratura infantil
_xConto
675 _a82-34
_vBN
_zpor
700 1 _927662
_aLetria
_bJosé Jorge
_f1951-
702 1 _927481
_4440
_aLemos
_bJoão
801 _aPT
_c20131106
090 _a50680
942 _cMON
_n0
999 _a50680